000 00438pab a2200169 454500
008 180718b2009 xxu||||| |||| 00| 0 eng d
100 _aShukla, S.P.
245 _aIn search of radical and inclusive politics
260 _c2009
300 _ap.8-11.
362 _a21 Feb
650 _aIndia - Politics and government
650 _aPolitics and government
773 _aEconomic and Political Weekly
908 _aN
909 _a81636
999 _c81636
_d81636